| 000 | 01294cam a22003254a 4500 | ||
|---|---|---|---|
| 001 | 13374 | ||
| 005 | 20251007121245.0 | ||
| 008 | 020718s2002 miua b 000 0 eng | ||
| 010 | _a 2002011471 | ||
| 020 | _a0310205719 | ||
| 020 | _a9780310205715 | ||
| 035 | _a12859457 | ||
| 040 |
_aDLC _cDLC _dDLC _dBSULIB |
||
| 042 | _apcc | ||
| 050 | 0 | 0 |
_aBV4501.3 _b.W37 2002 |
| 082 | 0 | 0 |
_a248.4 _221 _bWAR |
| 100 | 1 |
_aWarren, Rick, _d1954- _eauthor. _925988 |
|
| 245 | 1 | 4 |
_aThe purpose-driven life : _bwhat on earth am I here for? / _cRick Warren. |
| 260 |
_aGrand Rapids, Mich. : _bZondervan, _cc2002. |
||
| 300 |
_a334 p. : _bill. ; _c24 cm. |
||
| 504 | _aIncludes bibliographical references (p. 327-334). | ||
| 650 | 0 |
_aChristian life. _97746 |
|
| 856 | 4 | 2 |
_3Publisher description _uhttp://www.loc.gov/catdir/enhancements/fy0633/2002011471-d.html |
| 856 | 4 | 1 |
_3Table of contents only _uhttp://www.loc.gov/catdir/enhancements/fy0633/2002011471-t.html |
| 856 | 4 | 1 |
_3Sample text _uhttp://www.loc.gov/catdir/enhancements/fy0642/2002011471-s.html |
| 906 |
_a7 _bcbc _corignew _d1 _eecip _f20 _gy-gencatlg |
||
| 942 |
_2ddc _cBK |
||
| 999 |
_c13374 _d13374 |
||